| 000 | 00000nam##2200000za#4500 |
| 001 | 9.654482 |
| 003 | CaOODSP |
| 005 | 20200401053818 |
| 007 | ta |
| 008 | 150407|1991||||xxc||||| f|0| 0 fre|d |
| 020 | |a0-662-57889-9 |
| 040 | |aCaOODSP|bfre |
| 041 | |aeng |
| 041 | |afre |
| 043 | |an-cn--- |
| 086 | 1 |aH42-2/44-1990 |
| 110 | 1 |aCanada.|bSanté et Bien-être social Canada. |bDirection générale de la protection de la santé. |
| 245 | 10|aTraitement des infections à CMV chez les personnes infectées par le VIH et prise en charge des malades / |cpar Susan M. King. Publié par la Direction des médicaments. |
| 260 | |aOttawa - Ontario : |bSanté et Bien-être social Canada. |c1991. |
| 300 | |aTexte français, 18p. : |bréférences ; |c28 cm. |
| 546 | |aBilingue |
| 563 | |aCouverture souple |
| 590 | |a91-19|b1991-05-10 |
| 691 | 07|aProtection de la santé|2gcpds |
| 720 | 1 |aKing, Susan M. |
| 776 | 0#|tTherapy and management of CMV in patients with HIV infection : |w(CaOODSP)9.695821 |
| 776 | 0#|tTraitement des infections à CMV chez les personnes infectées par le VIH et prise en charge des malades : |w(CaOODSP)9.639910 |
| 791 | |tTherapy and management of CMV in patients with HIV infection / |eeng|w(CaOODSP)9.654481 |
| 986 | |aDD-90-12 |